Current research in Egyptology 2017 : proceedings of the Eighteenth Annual Symposium: University of Naples, "L'orientale" 3-6 May 2017 /
'Current Research in Egyptology 2017' presents papers delivered during the eighteenth meeting of this international conference, held at the University of Naples 'L'Orientale', 3-6 May, 2017. Some 122 scholars from all over the world gathered in Naples to attend three simulta...
مؤلف مشترك:
مؤلفون آخرون: ,
التنسيق: وقائع المؤتمر كتاب الكتروني
اللغة: English
منشور في:
Summertown, Oxford :
Archaeopress Publishing Ltd,
2018.
الموضوعات:
الوصول للمادة أونلاين: Login to view Source
الوسوم: إضافة وسم
رقم الطلب: DT60
| LEADER | 02270nam a2200397 i 4500 | ||
|---|---|---|---|
| 001 | EDZ0001947901 | ||
| 003 | StDuBDS | ||
| 005 | 20230412182244.0 | ||
| 006 | m|||||o||d|||||||| | ||
| 007 | cr ||||||||||| | ||
| 008 | 180607s2018 enka fo 100|0|eng|d | ||
| 020 | |a 9781784919061 (ebook) : |c No price | ||
| 040 | |a StDuBDS |b eng |c StDuBDS |e rda |e pn | ||
| 050 | 4 | |a DT60 | |
| 082 | 0 | 4 | |a 932 |2 23 |
| 111 | 2 | |a Current Research in Egyptology Symposium |n (18th : |d 2017 : |c Naples, Italy), |j creator. | |
| 245 | 1 | 0 | |a Current research in Egyptology 2017 : |b proceedings of the Eighteenth Annual Symposium: University of Naples, "L'orientale" 3-6 May 2017 / |c edited by Ilaria Incordino [and five others]. |
| 264 | 1 | |a Summertown, Oxford : |b Archaeopress Publishing Ltd, |c 2018. | |
| 300 | |a 1 online resource (238 pages) : |b illustrations (black and white, and colour) | ||
| 336 | |a text |2 rdacontent | ||
| 336 | |a still image |2 rdacontent | ||
| 337 | |a computer |2 rdamedia | ||
| 338 | |a online resource |2 rdacarrier | ||
| 520 | 8 | |a 'Current Research in Egyptology 2017' presents papers delivered during the eighteenth meeting of this international conference, held at the University of Naples 'L'Orientale', 3-6 May, 2017. Some 122 scholars from all over the world gathered in Naples to attend three simultaneous sessions of papers and posters, focused on a large variety of subjects: Graeco-Roman and Byzantine Egypt, Nubian Studies, Language and Texts, Art and Architecture, Religion and Cult, Field Projects, Museums and Archives, Material Culture, Mummies and Coffins, Society, Technologies applied to Egyptology, Environment. | |
| 521 | |a Specialized. | ||
| 588 | |a Description based on online resource; title from home page (viewed on October 5, 2018). | ||
| 650 | 0 | |a Egyptology |v Congresses. | |
| 651 | 0 | |a Egypt |x Antiquities |v Congresses. | |
| 651 | 0 | |a Egypt |x History |y To 332 B.C. |v Congresses. | |
| 700 | 1 | |a Incordino, Ilaria, |e editor. | |
| 700 | 1 | |a Barocas, Claudio, |e honouree. | |
| 776 | 0 | 8 | |i Print version : |z 9781784919054 |
| 856 | 4 | 0 | |3 Archaeopress |u http://library.arce.org:8087/Archaeopress/Products/9781784919054 |
| 942 | |2 lcc |c EBOOK | ||
| 952 | |0 0 |1 0 |4 0 |6 DT0060 |7 1 |9 46411 |a ARCH |b ARCH |d 2023-04-12 |l 0 |o DT60 |r 2023-04-12 00:00:00 |w 2023-04-12 |y EBOOK | ||
| 999 | |c 52069 |d 52069 | ||
